000 01186cam a2200349 a 4500
001 17038578
005 20170105102856.0
008 111107s2012 mduab b 000 0 eng c
010 _a 2011046199
020 _a9780810883109 (cloth : alk. paper)
020 _a9780810883116 (ebook)
040 _aIEN/DLC
_cIEN
_dDLC
042 _apcc
043 _af-so---
050 0 0 _aHV6433.786.S58
_bD46 2012
082 0 0 _a363.325
_223
100 1 _aDaniels, Christopher L.,
_d1982-
245 1 0 _aSomali piracy and terrorism in the Horn of Africa /
_cChristopher L. Daniels.
260 _aLanham, Md. :
_bScarecrow Press,
_c2012.
300 _axv, 237 p. :
_bill., map ;
_c24 cm.
490 1 _aGlobal flashpoints : a Scarecrow Press series
504 _aIncludes bibliographical references (p. 217-235).
650 0 _aMaritime terrorism
_zSomalia.
650 0 _aPiracy
_zSomalia.
650 0 _aTerrorism
_zSomalia.
650 0 _aFailed states
_zSomalia.
651 0 _aSomalia
_xPolitics and government
_y1991-
830 0 _aGlobal flashpoints.
906 _a7
_bcbc
_corignew
_d1
_eecip
_f20
_gy-gencatlg
942 _2ddc
_cBK
999 _c14470
_d14470